000 00565cam a22002053a 4500
001 41382
003 PGUSA
005 20140828083930.0
008 121117s2012||||xxu|||||s|||||000 | eng d
040 _aPGUSA
_beng
042 _adc
100 1 _aEngel, Georg,
_d1866-1931
245 1 0 _aClaus Störtebecker
_h[electronic resource] /
_cGeorg Engel
260 _bProject Gutenberg,
_c2012
506 _aPublic domain in the USA.
516 _aElectronic text
830 0 _aProject Gutenberg
_v41382
856 4 0 _uhttp://www.gutenberg.org/ebooks/41382
942 _cEB
999 _c270634
_d270634